000 01177nam a2200277 a 4500
001 000015889
003 DO-SdBNP
005 20260422131638.0
008 100222s1996 dr 001 0 spa d
040 _aDO-SdBNP
_bspa
_cBNPHU
082 4 _a343.04
_bB262r
100 1 _aBarnichta Geara, Edgar,
_d1958-
_97487
245 1 4 _aLos recursos y otros temas tributarios :
_bderecho, administración y política tributaria /
_cEdgar Barnichta Geara.
246 1 4 _aLos recursos y otros temas tributarios
260 _aSanto Domingo :
_bCorripio,
_c1996.
300 _av. ;
_c24 cm.
500 _aIncluye notas al pie de las páginas.
505 0 _aIntroducción --
_tTemas de derecho tributario --
_tTemas del Impuesto sobre la renta --
_tTemas sobre política tributaria --
_tTemas sobre administración tributaria --
_tTemas sobre aduanas --
_tOtros temas tributarios.
590 _aInventariado, 2018/VM
650 4 _aDerecho fiscal
_zRepública Dominicana
_98288
650 0 _aProcedimiento tributario
_zRepública Dominicana
_98289
650 4 _aImpuestos
_xAdministración
_916071
650 0 _aAduanas
_935768
910 _aValidado. Control de calidad EMS
942 _2ddc
_cLBS1
999 _c15431
_d15431